MARC details
| 000 -LEADER |
| fixed length control field |
02182cam a2200625 a 4500 |
| 001 - CONTROL NUMBER |
| control field |
22079 |
| 003 - CONTROL NUMBER IDENTIFIER |
| control field |
VRT |
| 005 - DATE AND TIME OF LATEST TRANSACTION |
| control field |
20260319105922.0 |
| 008 - FIXED-LENGTH DATA ELEMENTS--GENERAL INFORMATION |
| fixed length control field |
240318s2010 xo g 000 0bslo |
| 015 ## - NATIONAL BIBLIOGRAPHY NUMBER |
| National bibliography number |
SNBA2011/02-01155 |
| 020 ## - INTERNATIONAL STANDARD BOOK NUMBER |
| International Standard Book Number |
9788081140525 |
| Qualifying information |
(viaz.) |
| 035 ## - SYSTEM CONTROL NUMBER |
| System control number |
7AF31F3B-76B5-4639-8580-70ABBB82327A |
| 035 ## - SYSTEM CONTROL NUMBER |
| System control number |
urn:nbn:sk:snk-amk0zr |
| 035 ## - SYSTEM CONTROL NUMBER |
| System control number |
urn:nbn:sk:snk-am00871t |
| 039 #9 - LEVEL OF BIBLIOGRAPHIC CONTROL AND CODING DETAIL [OBSOLETE] |
| Level of rules in bibliographic description |
202403181426 |
| Level of effort used to assign nonsubject heading access points |
VLOAD |
| Level of effort used to assign subject headings |
202311140934 |
| Level of effort used to assign classification |
msnk170 |
| Level of effort used to assign subject headings |
201808010900 |
| Level of effort used to assign classification |
VLOAD |
| Level of effort used to assign subject headings |
201601140846 |
| Level of effort used to assign classification |
VLOAD |
| 040 ## - CATALOGING SOURCE |
| Original cataloging agency |
PPPK |
| Language of cataloging |
slo |
| Transcribing agency |
PPPK |
| Modifying agency |
SNK |
| Description conventions |
AACR2 |
| 041 0# - LANGUAGE CODE |
| Language code of text/sound track or separate title |
slo |
| 043 ## - GEOGRAPHIC AREA CODE |
| Geographic area code |
e-xo--- |
| 044 ## - COUNTRY OF PUBLISHING/PRODUCING ENTITY CODE |
| MARC country code |
xo |
| ISO country code |
SK |
| 072 #7 - SUBJECT CATEGORY CODE |
| Subject category code |
343.9 |
| Subject category code subdivision |
Kriminalistika |
| Source |
konspekt |
| 072 #7 - SUBJECT CATEGORY CODE |
| Subject category code |
929 |
| Subject category code subdivision |
Biografie |
| Source |
konspekt |
| 080 ## - UNIVERSAL DECIMAL CLASSIFICATION NUMBER |
| Universal Decimal Classification number |
343.22-051 |
| Edition identifier |
2001 |
| 080 ## - UNIVERSAL DECIMAL CLASSIFICATION NUMBER |
| Universal Decimal Classification number |
343.9.02 |
| Edition identifier |
2001 |
| 080 ## - UNIVERSAL DECIMAL CLASSIFICATION NUMBER |
| Universal Decimal Classification number |
343.1 |
| Edition identifier |
2001 |
| 080 ## - UNIVERSAL DECIMAL CLASSIFICATION NUMBER |
| Universal Decimal Classification number |
(437.6) |
| Edition identifier |
2001 |
| 080 ## - UNIVERSAL DECIMAL CLASSIFICATION NUMBER |
| Universal Decimal Classification number |
(092) |
| Edition identifier |
2001 |
| 080 ## - UNIVERSAL DECIMAL CLASSIFICATION NUMBER |
| Universal Decimal Classification number |
(0:82-96) |
| Edition identifier |
2001 |
| 080 ## - UNIVERSAL DECIMAL CLASSIFICATION NUMBER |
| Universal Decimal Classification number |
929 |
| Edition identifier |
2001 |
| 100 1# - MAIN ENTRY--PERSONAL NAME |
| Personal name |
Murín, Gustáv, |
| Dates associated with a name |
1959- |
| Relationship |
aut |
| 245 10 - TITLE STATEMENT |
| Title |
Boss všetkých bossov Mikuláš Černák |
| Statement of responsibility, etc. |
Gustáv Murín |
| 250 ## - EDITION STATEMENT |
| Edition statement |
1. vyd. |
| 260 ## - PUBLICATION, DISTRIBUTION, ETC. |
| Place of publication, distribution, etc. |
Bratislava |
| Name of publisher, distributor, etc. |
Marenčin PT |
| Date of publication, distribution, etc. |
2010 |
| 300 ## - PHYSICAL DESCRIPTION |
| Extent |
245 s. |
| Dimensions |
21 cm |
| 504 ## - BIBLIOGRAPHY, ETC. NOTE |
| Bibliography, etc. note |
Bibliogr. odkazy |
| 600 17 - SUBJECT ADDED ENTRY--PERSONAL NAME |
| Personal name |
Černák, Mikuláš, |
| Dates associated with a name |
1966- |
| Source of heading or term |
SNKMA |
| 648 #7 - SUBJECT ADDED ENTRY--CHRONOLOGICAL TERM |
| Chronological term |
20.-21. stor. |
| Source of heading or term |
SNKPH |
| 650 07 - SUBJECT ADDED ENTRY--TOPICAL TERM |
| Topical term or geographic name entry element |
zločinci |
| Source of heading or term |
SNKPH |
| 650 07 - SUBJECT ADDED ENTRY--TOPICAL TERM |
| Topical term or geographic name entry element |
organizovaná kriminalita |
| Chronological subdivision |
1989- |
| Source of heading or term |
SNKPH |
| 650 07 - SUBJECT ADDED ENTRY--TOPICAL TERM |
| Topical term or geographic name entry element |
súdne procesy |
| Chronological subdivision |
2001-2010 |
| Source of heading or term |
SNKPH |
| 651 #7 - SUBJECT ADDED ENTRY--GEOGRAPHIC NAME |
| Geographic name |
Slovensko |
| Source of heading or term |
SNKPH |
| 655 #7 - INDEX TERM--GENRE/FORM |
| Genre/form data or focus term |
biografie |
| Source of term |
SNKPH |
| 655 #7 - INDEX TERM--GENRE/FORM |
| Genre/form data or focus term |
literatúra faktu |
| Source of term |
SNKPH |
| 942 ## - ADDED ENTRY ELEMENTS (KOHA) |
| Source of classification or shelving scheme |
Dewey Decimal Classification |
| Koha item type |
Krásna literatúra pre dospelých |
| Suppress in OPAC |
No |
| 949 ## - LOCAL PROCESSING INFORMATION (OCLC) |
| 6 |
4710710599 |
| a |
strmkB |
| b |
strmk2010/10599 |
| 949 ## - LOCAL PROCESSING INFORMATION (OCLC) |
| 6 |
17A0644254 |
| a |
snkSC 142294 D2 |
| b |
snk2010/20654 |
| o |
f.č.: 09 010 Martinus |
| 949 ## - LOCAL PROCESSING INFORMATION (OCLC) |
| 6 |
273K0520454 |
| a |
svkpoA 208592 |
| b |
svkpo527080 |
| 949 ## - LOCAL PROCESSING INFORMATION (OCLC) |
| 6 |
17A0676413 |
| a |
snkSC 142294 |
| b |
snk2010/24051 |
| o |
2401/10 |
| 949 ## - LOCAL PROCESSING INFORMATION (OCLC) |
| 6 |
17A0676412 |
| a |
snkSC 142294 D1 |
| b |
snk2010/24053 |
| o |
2401/10 |
| s |
6100:20210923 |
| 949 ## - LOCAL PROCESSING INFORMATION (OCLC) |
| 6 |
3869A10137 |
| a |
bpksh821.162.4-31 |
| b |
bpksh58564 |
| 949 ## - LOCAL PROCESSING INFORMATION (OCLC) |
| 6 |
2889163975 |
| a |
savukM 112096 |
| b |
savuk2010/4562 |
| 949 ## - LOCAL PROCESSING INFORMATION (OCLC) |
| 6 |
270001000364490 |
| a |
svkbbA 129815 |
| b |
svkbbm 713802 |
| 949 ## - LOCAL PROCESSING INFORMATION (OCLC) |
| 6 |
273K0520138 |
| a |
svkpoA 208592a |
| b |
svkpo527807 |
| 949 ## - LOCAL PROCESSING INFORMATION (OCLC) |
| 6 |
3830001084190 |
| a |
kurukX1/1078 |
| b |
kuruk2013/F5187 |
| o |
D2013/SAV/6.3.2013 |
| 980 ## - EQUIVALENCE OR CROSS-REFERENCE-SERIES STATEMENT--PERSONAL NAME/TITLE [LOCAL, CANADA] |
| Personal name |
343.22-051 |